| 000 | 01349cam a2200229 a 4500 | ||
|---|---|---|---|
| 082 | 0 | 0 |
_a574.92 _bGLO _cD |
| 245 | 0 | 2 |
_aA global representative system of marine protected areas / _cprincipal editors, Graeme Kelleher, Chris Bleakley, and Sue Wells. |
| 260 |
_aCanberra, ACT, Australia : _bGreat Barrier Reef Marine Park Authority ; _aWashington, D.C. : _bWorld Bank ; _aGland, Switzerland : _bWorld Conservation Union, _c[1995] |
||
| 300 |
_aiv, 93. : _bcol. maps ; _c28 cm. |
||
| 505 | 0 | _av. 1. Antarctic, Arctic, Mediterranean, Northwest Atlantic, Northeast Atlantic, and Baltic -- v. 2. Wider Caribbean, West Africa, and South Atlantic -- v. 3. Central Indian Ocean, Arabian Seas, East Africa, and East Asian seas -- v. 4. South Pacific, Northeast Pacific, Northwest Pacific, Southeast Pacific, and Australia/New Zealand. | |
| 526 |
_a0 _b0 _c0 _d574_920000000000000_GLO |
||
| 650 | 0 |
_aMarine biodiversity conservation. _940381 |
|
| 650 | 0 |
_aMarine parks and reserves. _940382 |
|
| 650 | 0 |
_aMarine resources conservation. _940383 |
|
| 700 | 1 |
_aBleakley, Chris. _940384 |
|
| 700 | 1 |
_aKelleher, Graeme. _940385 |
|
| 700 | 1 |
_aWells, Sue. _940386 |
|
| 710 | 2 |
_aGreat Barrier Reef Marine Park Authority. _940387 |
|
| 710 | 2 |
_aInternational Union for Conservation of Nature and Natural Resources. _940388 |
|
| 710 | 2 |
_aWorld Bank. _94999 |
|
| 942 |
_2ddc _cBK |
||
| 999 |
_c544694 _d544694 |
||